KVB Köln: Linie 15 - Statistiken

Allgemein
  • Dieses Quiz wurde 185 mal gespielt
  • Das Durchschnittsergebnis liegt bei 17 aus 23
Antwortstatistiken
Haltestelle % Korrekt
Chorweiler
96%
Barbarossaplatz
93%
Hansaring
93%
Ubierring
93%
Christophstraße/Mediapark
91%
Friesenplatz
91%
Rudolfplatz
91%
Zülpicher Platz
90%
Chlodwigplatz
89%
Ebertplatz
86%
Eifelstraße
83%
Ulrepforte
82%
Neusser Straße/Gürtel
75%
Florastraße
73%
Lohsestraße
72%
Heimersdorf
65%
Longericher Straße
60%
Scheibenstraße
59%
Wilhelm-Sollmann-Straße
57%
Mollwitzstraße
54%
Altonaer Platz
52%
Herforder Straße
45%
Meerfeldstraße
42%
Keine übereinstimmenden Quizze gefunden
Verteilung der Resultate
Anzahl Personen mit jedem Resultat
Perzentil nach korrekt beantworteten Fragen
Ihre Resultats-Entwicklung
Sie haben dieses Quiz noch nicht gespielt